| 000 | 00483cam a22002051 4500 | ||
|---|---|---|---|
| 001 | sa 65005961 | ||
| 003 | DLC | ||
| 005 | 20260227112139.0 | ||
| 008 | 890510s1964 ii c 000 0 hino | ||
| 010 | _asa 65005961 | ||
| 035 | _a(OCoLC)19688796 | ||
| 040 |
_aDLC _cWaU _dDLC |
||
| 042 | _apremarc | ||
| 050 | 0 | 0 |
_aPK2098.B22 _bA63 |
| 100 | 1 |
_aBaccana, _d1907-2003. |
|
| 245 | 1 | 0 | _aAbhinava sopāna. |
| 260 | _c[1964] | ||
| 300 |
_a471 p. _bport. _c23 cm. |
||
| 500 | _aIn Hindi. | ||
| 999 |
_c64463 _d64463 |
||